LEADER 01205nam0 2200361 450 001 000014311 005 20090323173106.0 100 $a20080715d1970----km-y0itay50------ba 101 1 $aita$cfre 102 $aIT 105 $ay-------001yy 200 1 $aMetodologia della ricerca sociologica$fRaymond Boudon 210 $aBologna$cIl Mulino$d1970 215 $a118 p.$d22 cm 225 2 $a<>nuova scienza$efondamenti di sociologia 300 $aTrad. G. Sani. 300 $aEd. italiana a cura di M. Barbagli, A. Parisi. 410 0$12001$a<>nuova scienza 500 10$a<>méthodes en sociologie$m$917245 610 1 $aSociologia$aRicerche$aMetodo 610 1 $aSociologia$aMetodi 676 $a301$v17$9Sociologia 676 $a301.072$v19$9Sociologia e antropologia. Ricerca 676 $a301$v21$9Sociologia e antropologia 700 1$aBoudon,$bRaymond$045188 702 1$aBarbagli,$bMarzio$4070 702 1$aSani,$bGiacomo$4070 702 1$aParisi,$bArturo M. L.$4070 801 0$aIT$bUNIPARTHENOPE$c20080715$gRICA$2UNIMARC 912 $a000014311 951 $a220/17$bCNR-612/L$cNAVA2 996 $aMethodes en sociologie$917245 997 $aUNIPARTHENOPE